000
00292nam a22001097a 4500
999
_c
15151
_d
15151
008
200305b ||||| |||| 00| 0 eng d
245
_a
Crime down.
260
_a
Davao City, Philippines;
_b
Sunstar Davao,
_c
©2019.
300
_a
page 15;
_c
29.5cm.
650
_a
Crimes.
_9
41905
942
_2
ddc
_c
PER